[Event "Oberliga Ost-A 1819"]
[Site "Germany"]
[Date "2018.11.11"]
[Round "3.8"]
[White "Lopez Rojas, Jeffrey"]
[Black "Ledfuss, Guntram"]
[Result "1-0"]
[WhiteElo "2194"]
[BlackElo "2015"]
[PlyCount "71"]
[EventDate "2018.10.21"]
[EventType "team-tourn"]
[EventRounds "11"]
[EventCountry "GER"]
[SourceTitle "EXT 2020"]
[Source "ChessBase"]
[SourceDate "2019.10.17"]
[SourceVersion "1"]
[SourceVersionDate "2019.10.17"]
[SourceQuality "1"]
[WhiteTeam "Magdeburg Aufbau Elbe"]
[BlackTeam "Dresden USV TU II"]
[WhiteTeamCountry "GER"]
[BlackTeamCountry "GER"]

1. d4 Nf6 2. c4 g6 3. Nf3 Bg7 4. g3 0-0 5. Bg2 d6 6. 0-0 Nc6 7. Nc3 a6 8. Bf4 Rb8 9. Rc1 Re8 10. h3 Bd7 11. Qd2 e5 12. dxe5 dxe5 13. Bh6 e4 14. Bxg7 Kxg7 15. Ng5 Bf5 16. Qf4 Qe7 17. g4 h6 18. gxf5 hxg5 19. Qe3 Qe5 20. fxg6 Kxg6 21. Nd5 Nxd5 22. cxd5 Nd4 23. Rc4 c5 24. dxc6 Nxc6 25. Qxe4+ Qxe4 26. Bxe4+ Kg7 27. Bxc6 bxc6 28. Rc2 Re4 29. Rd1 Rh8 30. Kg2 Reh4 31. Rxc6 Rxh3 32. e3 Rh2+ 33. Kf1 g4 34. Rc4 R8h4 35. Ra4 f5 36. Rd6 1-0

[Event "Imperia op-A 50th"]
[Site "Imperia"]
[Date "2018.09.03"]
[Round "2.4"]
[White "Salvador, Roland"]
[Black "Lopez Rojas, Jeffrey"]
[Result "1-0"]
[WhiteElo "2399"]
[BlackElo "2154"]
[PlyCount "35"]
[EventDate "2018.09.02"]
[EventType "swiss"]
[EventRounds "9"]
[EventCountry "ITA"]
[SourceTitle "EXT 2024"]
[Source "ChessBase"]
[SourceDate "2023.10.10"]
[SourceVersion "1"]
[SourceVersionDate "2023.10.10"]
[SourceQuality "1"]

1. d4 Nf6 2. Nf3 g6 3. g3 Bg7 4. Bg2 0-0 5. 0-0 d6 6. b3 Nc6 7. Bb2 e5 8. dxe5 Nd7 9. c4 Ndxe5 10. Nxe5 Nxe5 11. Nc3 Rb8 12. Qd2 Re8 13. Rad1 Bf5 14. Nd5 a6 15. e4 Bh3 16. Bxe5 Bxg2 17. Bxg7 Bxf1 18. Bf6 1-0

[Event "Vlissingen HZ op 22nd"]
[Site "Vlissingen"]
[Date "2018.08.09"]
[Round "7"]
[White "Hendrikse, Ad"]
[Black "Lopez Rojas, Jeffrey"]
[Result "0-1"]
[WhiteElo "1943"]
[BlackElo "2156"]
[PlyCount "42"]
[EventDate "2018.08.04"]
[EventType "swiss"]
[EventRounds "9"]
[EventCountry "NED"]
[SourceTitle "CBM 185 Extra"]
[Source "ChessBase"]
[SourceDate "2018.07.29"]
[SourceVersion "1"]
[SourceVersionDate "2018.07.29"]
[SourceQuality "1"]

1. e4 g6 2. d4 Bg7 3. Nc3 d6 4. Nf3 a6 5. Be3 Nd7 6. Qd2 h6 7. h3 e6 8. Bd3 Ne7 9. g4 b5 10. a3 Bb7 11. Nh2 d5 12. e5 Nxe5 13. dxe5 d4 14. 0-0-0 Bxh1 15. Bxd4 Bc6 16. Qe3 Nd5 17. Qd2 Qg5 18. Ne4 Qxd2+ 19. Nxd2 Nf4 20. Bf1 0-0-0 21. Nhf3 Rd7 0-1

[Event "Vlissingen HZ op 22nd"]
[Site "Vlissingen"]
[Date "2018.08.05"]
[Round "2"]
[White "Anusha, NLV"]
[Black "Lopez Rojas, Jeffrey"]
[Result "1/2-1/2"]
[WhiteElo "1898"]
[BlackElo "2156"]
[PlyCount "139"]
[EventDate "2018.08.04"]
[EventType "swiss"]
[EventRounds "9"]
[EventCountry "NED"]
[SourceTitle "CBM 185 Extra"]
[Source "ChessBase"]
[SourceDate "2018.07.29"]
[SourceVersion "1"]
[SourceVersionDate "2018.07.29"]
[SourceQuality "1"]

1. d4 g6 2. e4 Bg7 3. Nf3 d6 4. Nc3 a6 5. Be2 Nd7 6. 0-0 b5 7. Bf4 e6 8. Qd2 Bb7 9. d5 e5 10. Be3 Ndf6 11. a3 h6 12. Ne1 g5 13. Nd3 Ne7 14. a4 0-0 15. axb5 axb5 16. Nb4 c5 17. dxc6 Nxc6 18. Nbd5 Nd4 19. Nxf6+ Bxf6 20. Bd3 Bg7 21. f3 Bc6 22. Ne2 d5 23. exd5 Bxd5 24. Rad1 Qb8 25. Ng3 Bc4 26. Nh5 Bxd3 27. Qxd3 Rd8 28. Bxd4 Rxd4 29. Qe2 Qb6 30. Qe3 Rd6 31. Qxb6 Rxb6 32. Rfe1 Bh8 33. Ng3 Rc8 34. Rd2 e4 35. Nf5 Kf8 36. Red1 Rbb8 37. fxe4 Bxb2 38. Nxh6 Re8 39. Rd7 Re7 40. Rd8+ Re8 41. R8d7 Re7 42. Rd8+ Re8 43. Rxb8 Rxb8 44. Rd7 f6 45. Nf5 Rc8 46. Rb7 Rxc2 47. Rxb5 Be5 48. Rb1 Ke8 49. g3 Re2 50. Rb4 Kf7 51. Rb7+ Ke8 52. Rb4 Ra2 53. h4 gxh4 54. gxh4 Kf8 55. h5 Kg8 56. h6 Ra7 57. Kg2 Kh7 58. Kf3 Bc3 59. Rb1 Bd2 60. Rd1 Bg5 61. Kg4 Kg6 62. Rh1 Rh7 63. Rd1 Bxh6 64. Nh4+ Kf7 65. Rd7+ Kg8 66. Rd8+ Kf7 67. Rd7+ Kg8 68. Rxh7 Kxh7 69. Kf5 Kg7 70. e5 1/2-1/2

[Event "Erfurt MT op 27th"]
[Site "Erfurt"]
[Date "2017.12.28"]
[Round "5"]
[White "Schmaltz, Roland"]
[Black "Lopez Rojas, Jeffrey"]
[Result "1-0"]
[WhiteElo "2471"]
[BlackElo "2137"]
[PlyCount "65"]
[EventDate "2017.12.26"]
[EventType "swiss"]
[EventRounds "8"]
[EventCountry "GER"]
[SourceTitle "CBM 182 Extra"]
[Source "ChessBase"]
[SourceDate "2018.02.23"]
[SourceVersion "1"]
[SourceVersionDate "2018.02.23"]
[SourceQuality "1"]

1. e4 g6 2. d4 d6 3. Nc3 Bg7 4. Be3 a6 5. g4 b5 6. Bg2 Bb7 7. g5 e6 8. Qd2 Nd7 9. Nge2 Nb6 10. b3 h5 11. h4 Ne7 12. Ng3 d5 13. e5 Nd7 14. f4 Nf8 15. a4 c6 16. Nce2 Qb6 17. c4 Nd7 18. 0-0 Rb8 19. Bf2 Bf8 20. f5 Nxf5 21. Nxf5 gxf5 22. Nf4 bxc4 23. bxc4 Qb4 24. Qe3 Qxc4 25. Rfc1 Qb4 26. Bf3 c5 27. Bxh5 Qxd4 28. Qg3 Qxe5 29. Re1 Qc7 30. Nxe6 Qxg3+ 31. Bxg3 Be7 32. Bxb8 Nxb8 33. Rab1 1-0

[Event "Vellmar op 9th"]
[Site "Vellmar"]
[Date "2017.07.15"]
[Round "5"]
[White "Lopez Rojas, Jeffrey"]
[Black "Lutz, Ruben"]
[Result "1-0"]
[WhiteElo "2173"]
[BlackElo "1959"]
[PlyCount "63"]
[EventDate "2017.07.13"]
[EventType "swiss"]
[EventRounds "7"]
[EventCountry "GER"]
[SourceTitle "CBM 179 Extra"]
[Source "ChessBase"]
[SourceDate "2017.08.23"]
[SourceVersion "1"]
[SourceVersionDate "2017.08.23"]
[SourceQuality "1"]

1. d4 d5 2. Nf3 Nf6 3. c4 e6 4. g3 Be7 5. Bg2 0-0 6. 0-0 Nbd7 7. Qc2 c6 8. Nbd2 b6 9. e4 Bb7 10. e5 Ne8 11. b3 Nc7 12. Bb2 c5 13. Rfd1 cxd4 14. Nxd4 Rc8 15. Rac1 Nc5 16. b4 Nd7 17. Qa4 a5 18. a3 axb4 19. axb4 Ra8 20. Qb3 Qb8 21. N2f3 Na6 22. b5 Nac5 23. Qe3 Qc7 24. Nc6 Bxc6 25. bxc6 Qxc6 26. cxd5 exd5 27. Nd4 Qg6 28. Bxd5 Rac8 29. e6 fxe6 30. Nxe6 Rf7 31. Nf4 Qf5 32. Qxe7 1-0

[Event "Vellmar op 9th"]
[Site "Vellmar"]
[Date "2017.07.14"]
[Round "2"]
[White "Lesny, Florian"]
[Black "Lopez Rojas, Jeffrey"]
[Result "1/2-1/2"]
[WhiteElo "1997"]
[BlackElo "2173"]
[PlyCount "101"]
[EventDate "2017.07.13"]
[EventType "swiss"]
[EventRounds "7"]
[EventCountry "GER"]
[SourceTitle "CBM 179 Extra"]
[Source "ChessBase"]
[SourceDate "2017.08.23"]
[SourceVersion "1"]
[SourceVersionDate "2017.08.23"]
[SourceQuality "1"]

1. e4 c5 2. Nf3 a6 3. c3 b6 4. d4 e6 5. Bd3 Be7 6. 0-0 d6 7. Qe2 Nd7 8. e5 d5 9. Nbd2 c4 10. Bc2 h5 11. b3 b5 12. a4 Bb7 13. Ba3 Nh6 14. Bxe7 Qxe7 15. axb5 axb5 16. Rxa8+ Bxa8 17. bxc4 bxc4 18. Qe3 0-0 19. Ra1 Bc6 20. h3 Rb8 21. Ra2 Kf8 22. Qf4 Ke8 23. Nf1 Ng8 24. Ng3 g6 25. Ne2 Nb6 26. Ng5 Rb7 27. h4 Kd8 28. Qe3 Ra7 29. Rxa7 Qxa7 30. Qf3 Be8 31. Nf4 Nh6 32. Nfxe6+ Kc8 33. Nf4 Qa1+ 34. Qd1 Qxc3 35. Nf3 Ng4 36. Qb1 Qa5 37. e6 f5 38. Qb2 Na8 39. Qc1 Nc7 40. Qb2 Qa7 41. g3 Qa5 42. Kg2 Na6 43. e7 Qb4 44. Qa1 Nc7 45. Nxd5 Nxd5 46. Qa8+ Kc7 47. Qxd5 Qxe7 48. Qxc4+ Kb7 49. Qb3+ Kc7 50. Qc3+ Kb6 51. Qb3+ 1/2-1/2

[Event "Erfurt MT op 26th"]
[Site "Erfurt"]
[Date "2016.12.28"]
[Round "4"]
[White "Lopez Rojas, Jeffrey"]
[Black "Friedrich, Wiede"]
[Result "0-1"]
[WhiteElo "2181"]
[BlackElo "2302"]
[PlyCount "68"]
[EventDate "2016.12.26"]
[EventType "swiss"]
[EventRounds "8"]
[EventCountry "GER"]
[SourceTitle "CBM 176 Extra"]
[Source "ChessBase"]
[SourceDate "2017.03.02"]
[SourceVersion "1"]
[SourceVersionDate "2017.03.02"]
[SourceQuality "1"]

1. d4 d5 2. Nf3 Nf6 3. g3 c5 4. Bg2 Nc6 5. 0-0 e6 6. c4 Be7 7. Nc3 dxc4 8. dxc5 Qa5 9. Nd4 Nxd4 10. Qxd4 Qxc5 11. Be3 Qb4 12. a3 Qb3 13. Ne4 0-0 14. Nd2 Qb5 15. Qxc4 Qh5 16. Bf3 Qf5 17. b4 a6 18. Rac1 a5 19. Nb3 axb4 20. axb4 Bd7 21. Bxb7 Rab8 22. Na5 Bb5 23. Qc7 Bxb4 24. Bc5 Bxa5 25. Qxa5 Bxe2 26. Rfe1 Rxb7 27. Rxe2 Rc8 28. Qa3 h5 29. Be3 Rxc1+ 30. Bxc1 Rb1 31. Qa8+ Kh7 32. Re1 Ng4 33. f3 Qc5+ 34. Kh1 Rxc1 0-1

[Event "Erfurt op 24th"]
[Site "Erfurt"]
[Date "2014.12.26"]
[Round "1"]
[White "Lopez Rojas, Jeffrey"]
[Black "Eichner, Sebastian"]
[Result "0-1"]
[WhiteElo "2068"]
[BlackElo "2365"]
[PlyCount "124"]
[EventDate "2014.12.26"]
[EventType "swiss"]
[EventRounds "8"]
[EventCountry "GER"]
[SourceTitle "CBM 164 Extra"]
[Source "ChessBase"]
[SourceDate "2015.03.02"]
[SourceVersion "1"]
[SourceVersionDate "2015.03.02"]
[SourceQuality "1"]

1. d4 d5 2. c4 c6 3. g3 Nf6 4. Nf3 Bf5 5. Bg2 e6 6. Nc3 h6 7. 0-0 Bd6 8. Nd2 0-0 9. e4 dxe4 10. Ndxe4 Bc7 11. Qb3 Nxe4 12. Nxe4 Qc8 13. Nc5 Rd8 14. Qxb7 Qxb7 15. Nxb7 Rxd4 16. b3 Be4 17. Be3 Bxg2 18. Kxg2 Rd7 19. Rad1 Kf8 20. Bc5+ Ke8 21. Nd6+ Bxd6 22. Rxd6 Rxd6 23. Bxd6 Nd7 24. Rd1 a5 25. Kf3 c5 26. Ke3 Rc8 27. Kd3 g5 28. Re1 Nf6 29. Kc2 Ng4 30. f4 Rc6 31. h3 Nf2 32. Be5 Nxh3 33. Rh1 g4 34. Rh2 Ke7 35. Bc3 Ra6 36. Kd3 h5 37. Ke4 a4 38. b4 cxb4 39. Bxb4+ Kf6 40. Bc3+ Kg6 41. c5 Ng1 42. Rb2 Rc6 43. Bd4 Rc8 44. Ke3 Nf3 45. Rc2 Rc6 46. Ke4 h4 47. gxh4 Nxh4 48. Rc4 Nf5 49. Rxa4 Nxd4 50. Rxd4 Rxc5 51. a4 Rc3 52. Rd3 Rc4+ 53. Rd4 Rc1 54. Ke3 Ra1 55. Rb4 Ra3+ 56. Kf2 Kf5 57. Kg2 f6 58. Kf2 g3+ 59. Kg2 Kg4 60. a5 Ra2+ 61. Kf1 Kf3 62. Rb3+ Kxf4 0-1